| 000 | 00863nam a2200253Ia 4500 | ||
|---|---|---|---|
| 008 | 130821s2007 sp gr spa | ||
| 020 | _a9788446028239 | ||
| 040 |
_aCo-BoUCM _bspa |
||
| 041 | 0 | 0 | _aspa |
| 100 | 1 |
_aHegel, Georg Ludwig Friedrich _d1807-1831 _9165099 |
|
| 245 | 1 | 0 |
_aLecciones sobre la estética _cG. W. F. Hegel; traducción de Alfredo Brotons Muñoz |
| 260 |
_aMadrid (España) _bEdiciones Akal _c2007 |
||
| 300 | _a933 páginas | ||
| 490 |
_aArtre y estética _v73 |
||
| 504 | _aIncluye bibliografía | ||
| 650 | 0 | 4 |
_aArmonía (Estética) _99361 |
| 650 | 0 | 4 |
_aEstética _915073 |
| 650 | 0 | 4 |
_aFilosofía del arte _915786 |
| 650 | 0 | 4 |
_aFilosofía _975 |
| 700 | 1 |
_aBrotons Muñoz, Alfredo _etrad. _9131477 |
|
| 765 | _aVolesungen über die asthetik | ||
| 942 |
_cLIBRO _a17 _e1 _mH462L _2DEWEY _h111.85 |
||
| 999 |
_c59988 _d59988 |
||